| 000 | 01346cam a22003374a 4500 | ||
|---|---|---|---|
| 001 | 12310594 | ||
| 003 | OSt | ||
| 005 | 20160715154519.0 | ||
| 008 | 010214s2001 stka b 001 0 eng | ||
| 010 | _a 2001023506 | ||
| 020 | _a0443062889 | ||
| 035 | _a(DNLM)101088282 | ||
| 040 |
_aDNLM/DLC _cDLC _dDLC |
||
| 042 | _apcc | ||
| 082 |
_aW 84 _bG791e 2001 |
||
| 100 | 1 |
_aGray, J. A. Muir _910240 |
|
| 245 | 1 | 0 |
_aEvidence-based healthcare / _cJ.A. Muir Gray ; appendices compiled by Andrew and Sandra Booth. |
| 250 | _a2nd ed. | ||
| 260 |
_aEdinburgh ; _aNew York : _bChurchill Livingston, _c2001. |
||
| 300 |
_axxix, 444 p. : _bill. ; _c24 cm. |
||
| 504 | _aIncludes bibliographical references and index. | ||
| 650 | 0 |
_aHealth services administration _xDecision making. _910241 |
|
| 650 | 0 |
_aEvidence-based medicine. _92743 |
|
| 650 | 1 | 2 |
_aEvidence-Based Medicine. _92743 |
| 650 | 2 | 2 |
_aDecision Support Techniques. _910242 |
| 650 | 2 | 2 |
_aDelivery of Health Care _xorganization & administration. _92161 |
| 650 | 2 | 2 |
_aQuality of Health Care. _910243 |
| 906 |
_a7 _bcbc _corignew _d1 _eocip _f20 _gy-gencatlg |
||
| 942 |
_2z _cO_SHELF |
||
| 999 |
_c4758 _d4758 |
||